Pays à 3 syllabes commençant par la lettre B - Statistiques

Statistiques générales
  • Ce quiz a été pris 114 fois
  • Le résultat moyen est 5 sur 8
Statistiques - réponses
Hint Réponse % Correct
B Botswana
74%
B Bolivie
70%
B Birmanie
69%
B Bangladesh
63%
B Burundi
62%
B Bulgarie
60%
B Bahamas
56%
B Burkina
52%
Aucun quiz correspondant
Distribution des résultats
% des personnes avec chaque résultat
Percentile par nombre de réponses
Votre historique - résultats
Vous n’avez pas pris ce quiz